Who is the Jim Carrey Character - Statistics

General Stats
  • This quiz has been taken 36 times
  • The average score is 7 of 16
Answer Stats
Picture Answer % Correct
Ace Ventura
87%
The Grinch
87%
The Mask
83%
Mr. Popper
61%
Dr. Robotnik
52%
Lloyd Christmas
39%
Truman Burbank
39%
Andy Kaufman
35%
Bruce Nolan
30%
Charlie/Hank
26%
Fletcher Reede
26%
Joel Barish
26%
Chip Douglas
17%
Dick Harper
17%
Walter Sparrow
17%
Carl Allen
13%
No matching quizzes found
Score Distribution
Percent of People with Each Score
Percentile by Number Answered
Your Score History
You have not taken this quiz